<?xml version="1.0" encoding="UTF-8"?>
<record
    xmlns:xsi="http://www.w3.org/2001/XMLSchema-instance"
    xsi:schemaLocation="http://www.loc.gov/MARC21/slim http://www.loc.gov/standards/marcxml/schema/MARC21slim.xsd"
    xmlns="http://www.loc.gov/MARC21/slim">

  <leader>01005nam a22001817a 4500</leader>
  <controlfield tag="005">20220623185532.0</controlfield>
  <controlfield tag="008">220623b        |||||||| |||| 00| 0 eng d</controlfield>
  <datafield tag="020" ind1=" " ind2=" ">
    <subfield code="a">9781941789063</subfield>
  </datafield>
  <datafield tag="040" ind1=" " ind2=" ">
    <subfield code="c">Biblioteca Lado V</subfield>
  </datafield>
  <datafield tag="082" ind1=" " ind2=" ">
    <subfield code="a">708</subfield>
    <subfield code="b">L228f</subfield>
  </datafield>
  <datafield tag="100" ind1=" " ind2=" ">
    <subfield code="a">Acevedo-Yates, Carla (editora)</subfield>
  </datafield>
  <datafield tag="245" ind1=" " ind2=" ">
    <subfield code="a">David Lamelas: Fiction of a Production</subfield>
  </datafield>
  <datafield tag="260" ind1=" " ind2=" ">
    <subfield code="a">Michigan</subfield>
    <subfield code="b">Eli and Edythe Broad Art Museum, Michigan State University</subfield>
    <subfield code="c">2018</subfield>
  </datafield>
  <datafield tag="300" ind1=" " ind2=" ">
    <subfield code="a">214 p.</subfield>
    <subfield code="b">il. (col)</subfield>
    <subfield code="c">21,5 x 15,5 cm</subfield>
  </datafield>
  <datafield tag="505" ind1=" " ind2=" ">
    <subfield code="t">Foreword</subfield>
    <subfield code="r">Marc-Olivier Wahler</subfield>
    <subfield code="t">Fiction of a Production</subfield>
    <subfield code="r">Carla Acevedo-Yates</subfield>
    <subfield code="t">Indifference and biographical forms</subfield>
    <subfield code="r">Jean-Fran&#xE7;ois Chevrier</subfield>
    <subfield code="t">Just so: how David moved from object to space</subfield>
    <subfield code="r">Kristina Newhouse</subfield>
    <subfield code="t">Self-Awarness</subfield>
    <subfield code="r">David Lamelas and Ra&#xFA;l Escari</subfield>
    <subfield code="t">Exhibition checklist</subfield>
    <subfield code="t">Sketches</subfield>
    <subfield code="t">Selected exhibition histories</subfield>
    <subfield code="t">Filmography</subfield>
    <subfield code="t">Artist&#xB4;s Biography</subfield>
  </datafield>
  <datafield tag="650" ind1=" " ind2=" ">
    <subfield code="x">arte contempor&#xE1;neo</subfield>
    <subfield code="x">arte - exhibiciones</subfield>
    <subfield code="x">arte - instalaciones</subfield>
    <subfield code="x">arte - cat&#xE1;logo de exhibici&#xF3;n</subfield>
    <subfield code="x">arte - Argentina</subfield>
    <subfield code="x">Lamelas, David</subfield>
  </datafield>
  <datafield tag="942" ind1=" " ind2=" ">
    <subfield code="2">ddc</subfield>
    <subfield code="c">1</subfield>
    <subfield code="n">0</subfield>
  </datafield>
  <datafield tag="999" ind1=" " ind2=" ">
    <subfield code="c">1907</subfield>
    <subfield code="d">1907</subfield>
  </datafield>
  <datafield tag="952" ind1=" " ind2=" ">
    <subfield code="0">0</subfield>
    <subfield code="1">0</subfield>
    <subfield code="2">ddc</subfield>
    <subfield code="4">0</subfield>
    <subfield code="7">0</subfield>
    <subfield code="a">LV</subfield>
    <subfield code="b">LV</subfield>
    <subfield code="d">2022-06-23</subfield>
    <subfield code="l">0</subfield>
    <subfield code="o">708 L228f</subfield>
    <subfield code="p">004884</subfield>
    <subfield code="r">2022-06-23 00:00:00</subfield>
    <subfield code="w">2022-06-23</subfield>
    <subfield code="y">1</subfield>
  </datafield>
</record>
